[Event "GCT Zagreb 2019"]
[Site "Zagreb"]
[Date "2019.06.30"]
[Round "5.6"]
[White "Mamedyarov, Shakhriyar"]
[Black "Aronian, Levon"]
[Result "1/2-1/2"]
[WhiteElo "2774"]
[BlackElo "2752"]
[Annotator "TA"]
[PlyCount "78"]
[EventDate "2019.06.26"]
[EventType "tourn"]
[EventCountry "CRO"]
[SourceTitle "playchess.com"]
[Source "ChessBase"]
[SourceQuality "1"]

{[%evp 14,78,0,0,0,0,7,-47,-55,-52,-60,-49,-50,-57,-42,-78,-83,-79,-82,-100,-98,-121,-85,-89,-95,-297,-297,-294,-276,-304,-310,-318,-310,-336,-325,-310,-332,-493,-322,-305,-295,-384,0,0,0,0,0,0,0,-223,-193,-150,0,0,0,0,0,0,0,0,0,0,0,0,0,0,0]} 1. d4 Nf6 2. c4 e6 3. Nc3 Bb4 4. Nf3 d5 5. Qa4+ Nc6 6. Bg5 dxc4 7. a3 Bxc3+ 8. bxc3 Qd5 {White must now prevent ...Ne4. D39: Queen's Gambit Declined: Ragozin Defence with 5 Bg5 dxc4} 9. Bxf6 $1 gxf6 10. g3 (10. Nd2 $11) 10... Bd7 $15 {Black is slightly better.} (10... b5 11. Qc2 Bb7 12. e4 Qd7 13. Bg2 Na5 14. O-O Nb3 15. Rad1 a5 16. a4 bxa4 {½-½ (27) Dragun,K (2597)-Swiercz,D (2654) New York 2018}) 11. Qc2 Na5 12. e4 Qd6 13. Bg2 Nb3 $146 {[%mdl 2048] Black has the initiative.} ({Predecessor:} 13... O-O-O 14. e5 fxe5 15. Nxe5 Be8 16. Rb1 {0-1 (41) Budo,A-Ragozin,V Leningrad 1936}) 14. Rd1 Qxa3 15. O-O O-O-O 16. Qe2 Bb5 17. Rb1 c6 18. Rfd1 a5 19. Nd2 $2 (19. Bf1 $17) 19... Nxd4 $1 $19 20. cxd4 Rxd4 {Strongly threatening ...c3.} 21. Ra1 Qb2 22. Rab1 c3 23. Qf3 Rxd2 24. Rxb2 cxb2 25. Bf1 (25. Rb1 {might work better.} Rhd8 26. Bf1) 25... Rhd8 26. Rb1 Bxf1 27. Kxf1 {White wants to play Kg2.} Rc2 $2 ({Black should play} 27... R8d3 $19 28. Qh5 Rc2) 28. Kg2 $1 $11 Rdd2 {And now ...Rc1 would win.} 29. Qxf6 a4 30. Kh3 $1 Rxf2 31. Qh8+ $2 (31. Qd4 $1 $11 {and White stays safe.}) 31... Kc7 $1 $19 32. Qd4 {[#]} f6 ({Much weaker is} 32... Rxh2+ $6 33. Kg4 $11) (32... b5 $1 $17 {...Kb7 is the strong threat.} 33. Qa7+ Kd6) 33. Qxa4 $11 {The position is equal.} ({Don't go for} 33. Rd1 $2 Rxh2+ 34. Kg4 h5+ 35. Kf3 {[#]} Rhf2+ $1 {[%mdl 512]} 36. Qxf2 Rxf2+ 37. Kxf2 a3 $19) 33... Rxh2+ 34. Kg4 h5+ (34... Rcf2 $5 35. Qa5+ $8 Kc8 36. Qa8+ Kc7 37. Qa5+ Kc8 38. Qa8+ Kc7 39. Qa5+ $11) 35. Kf4 Rhf2+ 36. Ke3 Rfe2+ 37. Kf3 Rf2+ 38. Ke3 Rfe2+ 39. Kf3 Rf2+ {Accuracy: White = 52%, Black = 51%.} 1/2-1/2

[Event "GCT Zagreb 2019"]
[Site "Zagreb"]
[Date "2019.07.01"]
[Round "6.1"]
[White "Ding, Liren"]
[Black "Nepomniachtchi, Ian"]
[Result "1-0"]
[WhiteElo "2805"]
[BlackElo "2775"]
[Annotator "TA"]
[PlyCount "69"]
[EventDate "2019.06.26"]
[EventType "tourn"]
[EventCountry "CRO"]
[SourceTitle "playchess.com"]
[Source "ChessBase"]
[SourceQuality "1"]

{[%evp 15,69,8,13,9,2,15,30,39,61,37,46,56,54,58,77,62,72,80,67,8,83,68,145,152,147,137,146,113,106,121,298,320,280,316,321,335,280,300,218,279,433,316,408,361,399,401,554,416,700,714,1683,1719,29990,29991,29994,29995]} 1. c4 e5 2. g3 Nf6 3. Bg2 d5 4. cxd5 Nxd5 5. Nf3 Nc6 6. O-O Be7 7. d4 e4 8. Ne5 f5 $1 9. Nxc6 {A20: English Opening: 1...e5} bxc6 10. Qc2 Nb4 (10... Qd7 11. Nc3 O-O 12. Nxd5 cxd5 13. Bf4 c6 14. Rfc1 Bb7 15. e3 a5 16. h4 Rfc8 {½-½ (35) Topalov,V (2749)-Karjakin,S (2781) Paris 2017}) 11. Qa4 {White has an edge.} Bd7 {Black wants to play ...c5.} 12. a3 Nd5 13. Nc3 Bd6 $146 ({Predecessor:} 13... O-O 14. Nxd5 cxd5 15. Qb3 c6 16. Bf4 Qb6 17. Qxb6 axb6 {½-½ (64) Thiede,L (2442)-Langrock,H (2409) Santanyi 2004}) 14. f3 $36 {[%mdl 2048] White has good play.} exf3 15. Bxf3 {Black must now prevent e4.} Nb6 16. Qb3 {Hoping for e4.} Qf6 17. Be3 (17. Rf2 $14) 17... Qg6 (17... h5 $11 {keeps the balance.}) 18. Bf2 $16 h5 (18... Qf7 $14 19. Qxf7+ Kxf7) 19. e4 h4 {[%cal Rh4g3]} 20. exf5 Qxf5 21. Rae1+ Kd8 22. Ne4 Qg6 $2 (22... hxg3 $16 23. Bxg3 Bxg3 24. Nxg3 Qf6) 23. Nxd6 $18 cxd6 24. d5 c5 25. a4 Bxa4 {[#]} 26. Qa3 $1 (26. Qe3 Re8 $14) 26... Re8 (26... hxg3 27. Bxg3 Bd7 {[#]} 28. Re6 $1 $18 {[%mdl 512]}) 27. b4 {[%cal Bb2b4,Bb4c5][%mdl 32]} Rc8 (27... hxg3 $142 28. Bxg3 (28. hxg3 Bb5 $18) 28... Rxe1 29. Rxe1 cxb4 30. Qxb4 Rc8) 28. bxc5 Rxe1 29. Rxe1 ({Not} 29. Bxe1 dxc5 30. Bg2 Bb5 $18) 29... hxg3 30. hxg3 dxc5 31. Kg2 Qc2 (31... Rc7 $142 32. Bxc5 Rxc5) 32. Qe3 {[%csl Ge1][%cal Re3e7]} Rc7 33. Qe6 {Qg8+ would kill now.} Rd7 34. d6 {[%cal Re6g8]} Kc8 35. Rh1 {Accuracy: White = 73%, Black = 30%.} 1-0

[Event "GCT Zagreb 2019"]
[Site "Zagreb"]
[Date "2019.07.01"]
[Round "6.2"]
[White "Carlsen, Magnus"]
[Black "Nakamura, Hikaru"]
[Result "1-0"]
[WhiteElo "2875"]
[BlackElo "2754"]
[Annotator "TA"]
[PlyCount "85"]
[EventDate "2019.06.26"]
[EventType "tourn"]
[EventCountry "CRO"]
[SourceTitle "playchess.com"]
[Source "ChessBase"]
[SourceQuality "1"]

{[%evp 17,85,16,19,22,25,18,14,9,7,18,33,20,44,31,38,13,27,21,69,81,79,79,78,67,88,4,128,119,213,186,212,204,233,139,134,135,136,97,145,134,229,237,237,209,208,176,198,191,204,194,192,174,236,229,237,228,271,264,308,308,306,308,310,310,308,308,309,304,320,308]} 1. d4 Nf6 2. c4 e6 3. Nf3 d5 4. Nc3 Be7 5. Bf4 O-O 6. e3 c5 7. dxc5 Bxc5 8. a3 Nc6 9. Qc2 Re8 10. Bg5 {D37: Queen's Gambit Declined: 5 Bf4} Be7 11. Rd1 Qa5 12. Bd3 {The position is equal.} dxc4 $146 ({Predecessor:} 12... h6 13. Bh4 dxc4 14. Bxc4 a6 15. O-O b5 16. Ba2 Bb7 17. Bb1 Rad8 18. Bxf6 Bxf6 {½-½ (41) Anand,V (2792)-Carlsen,M (2863) Sochi 2014}) 13. Bxc4 h6 14. Bf4 Bd7 15. O-O Rac8 16. e4 e5 17. Be3 Nd4 18. Bxd4 Rxc4 19. Bxe5 Ba4 20. b3 {Hoping for Qb2.} Nxe4 $1 21. Rd3 (21. Qe2 $16 Rxc3 22. bxa4) 21... Rec8 (21... Bf6 $1 $11 22. Nd2 (22. Bxf6 gxf6 23. bxa4 Rxc3 $11) 22... Nxd2 23. Qxd2 Bg5) 22. Qb2 $36 {[%mdl 2048] Keeping Black busy.} (22. bxa4 $6 Nxc3 23. Rd7 Bxa3 $11) 22... Nc5 (22... Rxc3 $16 23. Bxc3 Rxc3 24. Rxc3 Qxc3 25. Qxc3 Nxc3 26. bxa4 Bxa3) 23. Re3 $1 $18 ({Weaker is} 23. bxc4 Nxd3 24. Qxb7 Re8 $16) 23... Bxb3 {[#]} 24. Bxg7 $1 {[%mdl 512]} Rg4 (24... Kxg7 25. Nd5+) 25. Bxh6 ({Not} 25. Rxe7 Rxg7 26. Ne4 Nxe4 $14) ({White should play} 25. Bd4 $18 Be6 26. h3) 25... Bf6 $16 26. Ne5 Bxe5 27. Rxe5 {Black must now prevent Ne4!} Qb6 {Strongly threatening ...Nd3.} 28. Qd2 {And now Be3 would win.} Rg6 {[#]} (28... Qf6 $16 29. Rg5+ Rxg5 30. Bxg5 Qf5) 29. Be3 $1 $18 {aiming for Nd5.} ({Don't play} 29. Rg5 $6 Kh7 $16) 29... Qc6 {[%csl Gg6][%cal Rc6g2]} 30. Nd5 Bxd5 31. Qxd5 {[%cal Re3c5]} b6 32. g3 Nd7 33. Qxc6 Rgxc6 34. Rd5 Nf8 (34... Nf6 {was necessary.} 35. Rg5+ Kf8) 35. Rfd1 Ne6 36. a4 Rc4 37. a5 {White has a decisive advantage.} Rb4 38. Rd7 bxa5 39. Rxa7 a4 40. Rdd7 Nd8 41. Rd5 Ne6 42. Rda5 Rcc4 43. Kg2 {Accuracy: White = 75%, Black = 46%.} 1-0

[Event "GCT Zagreb 2019"]
[Site "Zagreb"]
[Date "2019.07.01"]
[Round "6.3"]
[White "So, Wesley"]
[Black "Mamedyarov, Shakhriyar"]
[Result "1-0"]
[WhiteElo "2754"]
[BlackElo "2774"]
[Annotator "TA"]
[PlyCount "58"]
[EventDate "2019.06.26"]
[EventType "tourn"]
[EventCountry "CRO"]
[SourceTitle "playchess.com"]
[Source "ChessBase"]
[SourceQuality "1"]

{[%evp 9,58,48,54,45,47,15,11,21,12,10,20,14,38,48,36,45,27,37,43,25,31,45,40,31,34,31,50,50,37,27,110,108,115,112,110,108,156,145,149,146,156,157,162,158,153,154,256,258,255,255,243]} 1. Nf3 Nf6 2. c4 g6 3. Nc3 Bg7 4. e4 e5 5. Nxe5 O-O 6. Nf3 {A16: English Opening: 1...Nf6 with ...d5} Re8 7. Bd3 $146 ({Predecessor:} 7. d3 d5 8. cxd5 Nxd5 9. Bd2 Bg4 10. Qb3 Nxc3 11. bxc3 Na6 12. Be2 Nc5 {½-½ (36) Giri,A (2787)-Dubov,D (2690) Moscow 2019}) 7... Nxe4 8. Bxe4 {And now d3 would win.The position is equal.} Bxc3 $1 9. dxc3 Rxe4+ 10. Be3 d6 11. c5 d5 12. h3 b6 13. O-O Bb7 14. Re1 Nd7 15. Nd2 Re8 16. Nb3 Qh4 17. Qd2 f6 18. f4 Qh5 19. Bf2 g5 {[#]} (19... Nf8 $11) 20. c6 $1 $36 {[%mdl 2560] White has strong initiative.} Bxc6 {[#]} 21. Nd4 $1 {[%cal Rd4c6]} Bb7 {[#]} 22. Nb5 $1 {[%cal Rb5c7]} Rxe1+ 23. Rxe1 {aiming for Re7.} Re8 24. Nxc7 Rxe1+ 25. Qxe1 {Strongly threatening Qe7.} d4 26. Qe7 ({Don't do} 26. cxd4 $6 gxf4 27. Qe6+ Qf7 $16) 26... Qf7 27. Qd8+ Nf8 (27... Kg7 $16 {is a better defense.}) 28. Bxd4 $18 gxf4 29. Ne8 ({Less strong is} 29. Qxf6 Qxf6 30. Bxf6 Kf7 $16) ({Worse is} 29. Bxf6 f3 $11) 29... Ne6 {Accuracy: White = 92%, Black = 68%.} 1-0

[Event "GCT Zagreb 2019"]
[Site "Zagreb"]
[Date "2019.07.01"]
[Round "6.4"]
[White "Vachier-Lagrave, Maxime"]
[Black "Caruana, Fabiano"]
[Result "0-1"]
[WhiteElo "2779"]
[BlackElo "2819"]
[Annotator "TA"]
[PlyCount "74"]
[EventDate "2019.06.26"]
[EventType "tourn"]
[EventCountry "CRO"]
[SourceTitle "playchess.com"]
[Source "ChessBase"]
[SourceQuality "1"]

{[%evp 14,74,35,13,45,25,22,0,0,5,10,0,0,-13,-8,-22,0,0,25,-33,-33,-23,-12,-42,-29,-27,-25,-26,-21,-49,-55,-27,-8,-8,-12,-48,-27,-43,0,0,-7,-73,-61,-61,-60,-54,-57,-297,-61,-133,-38,-345,-345,-333,-316,-562,-555,-548,-522,-1251,-1238,-29978,-29979]} 1. e4 e5 2. Nf3 Nc6 3. Bb5 a6 4. Ba4 Nf6 5. O-O Bc5 6. c3 b5 7. Bb3 d6 8. a4 Bb7 {C78: Ruy Lopez: Archangelsk and Möller Defences} (8... Rb8 9. d4 Bb6 10. a5 Ba7 11. h3 O-O 12. Be3 Ra8 13. Nbd2 h6 14. Re1 Re8 15. Qb1 exd4 16. cxd4 Nb4 17. Ra3 c5 18. dxc5 dxc5 19. Bxf7+ Kxf7 {0-1 (33) Lagarde,M (2612)-Jones,G (2698) Reykjavik 2019}) 9. d3 h6 10. axb5 axb5 {The position is equal.} 11. Rxa8 Qxa8 12. Nh4 Bc8 $146 ({Predecessor:} 12... Ne7 13. Qf3 Bc8 14. h3 Be6 15. Nd2 Bb6 16. g4 Nh7 {0-1 (46) Schunk,E (2277)-Hector,J (2552) Fuerth 2001}) 13. Na3 Bg4 14. Qc2 Qb8 15. Kh1 g5 16. Nf5 (16. h3 $11) 16... Bxf5 $15 17. exf5 O-O 18. Qd1 Na5 19. Bxf7+ Rxf7 20. b4 {[#]} Bxb4 $1 {[%mdl 512]} 21. cxb4 Nc6 22. Nc2 Qc8 23. g4 Qa8 {Strongly threatening ...Nxb4+.} 24. f3 Qa2 25. d4 Re7 26. dxe5 dxe5 {White must now prevent ...e4.} 27. Qd3 (27. h4 $11 {keeps the balance.}) 27... e4 28. Qc3 Ne5 $36 {[%mdl 2048] Black fights for an advantage.} 29. f4 $1 {[%cal Rf4e5]} Nd5 30. Qh3 $2 (30. Qd4 $1 $15 Nf3 31. Qc5) 30... Nf3 $2 (30... Qxc2 31. f6 $17) (30... gxf4 31. f6 $19) (30... Nxf4 31. Qxh6 Qxc2 32. Qxg5+ Rg7 33. Qd8+ (33. Qxf4 $2 e3 $19) 33... Kh7 34. Bxf4 $11) (30... e3 $19 31. fxe5 e2) 31. Ne1 {[#]} (31. fxg5 $1 $15 Qxc2 32. gxh6) 31... Nxe1 ({Not} 31... Nxb4 32. fxg5 hxg5 33. Nxf3 $16) (31... Qe2 $1 $17 32. f6 (32. Nxf3 exf3 33. fxg5 hxg5 $17) 32... Nxf6) 32. Rxe1 $4 {[%mdl 8192] [#]} (32. f6 $1 $15 Nxf6 33. fxg5 hxg5 34. Rxe1) 32... e3 $1 $19 ({Inferior is} 32... gxf4 33. Qxh6 Qf2 34. Qg6+ Kh8 35. Qh5+ Kg8 36. Qg6+ Kh8 37. Qh6+ Kg8 38. Qg6+ $11) 33. fxg5 hxg5 34. Qg2 $2 (34. f6 {is a better defense.} Nf4 35. Qg3 Qd5+ 36. Kg1) 34... Qc4 35. Qf3 Re4 36. h3 Rf4 37. Qg3 Rf1+ {Accuracy: White = 25%, Black = 49%.} 0-1

[Event "GCT Zagreb 2019"]
[Site "Zagreb"]
[Date "2019.07.01"]
[Round "6.5"]
[White "Aronian, Levon"]
[Black "Karjakin, Sergey"]
[Result "1-0"]
[WhiteElo "2752"]
[BlackElo "2748"]
[Annotator "TA"]
[PlyCount "109"]
[EventDate "2019.06.26"]
[EventType "tourn"]
[EventCountry "CRO"]
[SourceTitle "playchess.com"]
[Source "ChessBase"]
[SourceQuality "1"]

{[%evp 16,109,37,-2,-1,0,18,12,8,-27,0,-18,11,13,15,14,8,30,16,0,15,4,33,35,38,44,54,53,60,45,44,50,118,106,114,129,99,110,121,85,93,88,94,86,94,86,89,83,83,85,78,33,82,76,80,76,83,87,64,0,21,13,4,0,20,12,16,17,91,73,121,103,371,371,366,366,355,352,344,344,328,328,322,193,506,541,1653,1400,1200,1159,957,739,720,717,671,570]} 1. e4 e5 2. Nf3 Nc6 3. Bb5 Nf6 4. O-O Nxe4 5. d4 Nd6 6. Bxc6 dxc6 7. dxe5 Nf5 8. Qxd8+ Kxd8 9. h3 Be7 {C67: Ruy Lopez: Berlin Defence: 4 0-0 Nxe4} 10. Nc3 (10. Bf4 {looks sharper.} Bd7 11. b3 a5 12. c4 Kc8 13. Nc3) 10... Nh4 {Black wants to play ...Nxf3+.} 11. Nxh4 Bxh4 {The position is equal.} 12. f4 $146 ({Predecessor:} 12. Re1 b6 13. g4 Be7 14. Be3 Bd7 15. Rad1 Kc8 16. Ne2 Re8 17. Nf4 {1-0 (49) Vachier Lagrave,M (2781)-Aronian,L (2765) London 2018}) 12... Bd7 13. Bd2 Kc8 14. Be1 Be7 15. f5 $36 {[%mdl 2048] Black is under pressure.} Bc5+ 16. Bf2 Bb4 17. g4 Re8 18. Bg3 Bc5+ (18... Bxc3 $5 19. bxc3 b6 $11) 19. Kh2 Bd4 20. Rae1 b6 21. Nd1 Kb7 22. c3 Bc5 23. Nf2 Be7 (23... Bxf2 $14 24. Rxf2 (24. Bxf2 c5 $14) 24... c5) 24. e6 $16 fxe6 25. fxe6 Bc8 26. Nd3 Bf6 27. Rxf6 gxf6 28. Nf4 Rd8 29. Re2 $1 Rd1 30. Bh4 c5 31. Bxf6 Kc6 32. e7 {[%mdl 1024] White has strong compensation.} Bd7 33. g5 Be8 34. Ne6 $1 Bh5 35. Rf2 Bg6 36. h4 $1 Kd7 37. Nf4 ({White should try} 37. Nf8+ $14 Ke8 38. Ne6) 37... Bb1 38. a3 Rg8 39. Ng2 Re8 40. Ne3 Rd3 41. Re2 Ke6 (41... Rd6 $11) 42. Kg3 Kf7 43. Kf4 h6 $2 {[%mdl 8192]} (43... Rd6 $16 {keeps fighting.}) 44. Re1 $1 $18 hxg5+ 45. hxg5 Ba2 46. Ng4 {Black must now prevent Ne5+.} Rh3 {[#]} 47. Ne5+ $1 Ke6 48. Kg4 Rh7 49. Nf3+ (49. Ng6+ $142 Kf7 50. Ne5+ Ke6 51. Nf3+ Kd7 52. g6 Rhxe7 53. Rd1+ (53. Bxe7 Rxe7 54. Rxe7+ Kxe7 $18) 53... Ke6 54. Kg5 (54. Bxe7 Kxe7 55. Kg5 Be6 $16)) 49... Kf7 $2 {[#]} (49... Kd6 50. g6 Rhxe7 51. Bxe7+ Rxe7 52. Rd1+ Kc6) 50. Kf5 $1 {Threatening mate with g6+.White is clearly winning.} Kg8 51. g6 Rh5+ 52. Kg4 Rh6 53. Nh4 Bf7 54. gxf7+ Kxf7 55. Bg5 {Accuracy: White = 76%, Black = 40%.} 1-0

[Event "GCT Zagreb 2019"]
[Site "Zagreb"]
[Date "2019.07.01"]
[Round "6.6"]
[White "Giri, Anish"]
[Black "Anand, Viswanathan"]
[Result "1/2-1/2"]
[WhiteElo "2779"]
[BlackElo "2767"]
[Annotator "TA"]
[PlyCount "118"]
[EventDate "2019.06.26"]
[EventType "tourn"]
[EventCountry "CRO"]
[SourceTitle "playchess.com"]
[Source "ChessBase"]
[SourceQuality "1"]

{[%evp 31,118,16,14,6,8,12,10,7,2,6,16,19,29,19,35,27,32,39,30,25,25,26,30,49,66,22,22,8,22,8,8,8,24,0,0,0,14,14,14,14,14,14,14,14,14,0,14,0,0,0,8,8,41,0,0,0,0,0,0,0,0,0,0,0,0,0,0,0,0,0,0,0,0,0,0,0,0,0,0,0,0,0,0,0,0,0,0,0,0]} 1. e4 e5 2. Nf3 Nc6 3. Bb5 a6 4. Ba4 Nf6 5. O-O Nxe4 6. d4 b5 7. Bb3 d5 8. dxe5 Be6 9. Qe2 Be7 10. Rd1 O-O 11. c4 bxc4 12. Bxc4 Bc5 13. Be3 Bxe3 14. Qxe3 Qb8 15. Bb3 Na5 16. Nbd2 Qa7 17. Nxe4 {C81: Open Ruy Lopez: Keres Variation (9 Qe2)} Qxe3 18. fxe3 Nxb3 19. axb3 dxe4 20. Nd4 Rfb8 (20... c5 21. Nc6 Rfe8 22. Ra5 Bxb3 23. Rd6 h6 24. h4 h5 {½-½ (88) Giri,A (2782)-Mamedyarov,S (2801) chess.com INT 2018}) 21. Rdc1 Bxb3 22. Rxc7 Be6 {[#]} 23. Rd1 $146 ({Predecessor:} 23. b4 Rxb4 24. Nxe6 fxe6 {1-0 (50) Timman,J (2565)-Holzke,F (2461) Germany 2007}) 23... Rxb2 24. Nxe6 fxe6 $11 {[%mdl 4096] Endgame KRR-KRR} 25. Rdd7 Rb1+ 26. Kf2 Rb2+ 27. Kg3 Kh8 $1 28. Rxg7 (28. Ra7 {seems wilder.} Rbb8 29. Rxg7 Rg8 30. Rxg8+ Rxg8+ 31. Kh3) 28... Rg8 29. Rxg8+ Kxg8 {KR-KR} 30. Rc6 Kf7 31. Rxa6 {White wants to play Ra4.} Re2 32. h4 h5 33. Ra7+ Kg6 34. Re7 {And now Kf4 would win.} Rxe3+ {[#]} 35. Kf4 $1 {[%mdl 512]} Re1 36. Rxe6+ Kg7 37. Re7+ Kg6 38. Re6+ Kg7 39. Rf6 e3 40. Ke4 e2 41. Rf2 Kg8 42. g3 (42. e6 $5 {[%cal Re6e7]} Rh1 43. Rxe2 Rxh4+ 44. Ke5 $16) 42... Rg1 {The position is equal.} 43. Rxe2 Rxg3 44. Rf2 {[#] Hoping for e6.} Kg7 45. Kf5 {Rb2 is the strong threat.} Kf7 46. Rf4 Ke7 47. Re4 Rg1 48. Ra4 Rf1+ 49. Kg6 {Black must now prevent Re4.} (49. Rf4 {with more complications.} Re1 50. Rc4 Rf1+ 51. Rf4) 49... Ke6 50. Ra5 Rh1 51. Kg5 Rh2 52. Kxh5 {aiming for Kg5.} Kf5 53. Ra6 (53. Rc5 {feels hotter.} Rh1 54. Rb5 Rh2 55. Ra5 Rh1 56. Rb5) 53... Kxe5 54. Kg5 Rg2+ 55. Kh6 Kf5 56. h5 Rh2 57. Rb6 Rh1 58. Ra6 Rh2 59. Kg7 Rxh5 {Accuracy: White = 61%, Black = 91%.} 1/2-1/2

[Event "GCT Zagreb 2019"]
[Site "Zagreb"]
[Date "2019.07.03"]
[Round "7.1"]
[White "Nepomniachtchi, Ian"]
[Black "Carlsen, Magnus"]
[Result "0-1"]
[WhiteElo "2775"]
[BlackElo "2875"]
[Annotator "TA"]
[PlyCount "62"]
[EventDate "2019.06.26"]
[EventType "tourn"]
[EventCountry "CRO"]
[SourceTitle "playchess.com"]
[Source "ChessBase"]
[SourceQuality "1"]

{[%evp 9,62,41,52,26,24,35,28,12,35,30,37,35,45,39,49,46,43,45,45,43,43,33,35,19,39,32,44,44,44,41,32,15,15,15,21,11,15,14,14,14,11,10,12,0,0,0,28,-352,-396,-1538,-1433,-1065,-1004,-2286,-2091]} 1. e4 c5 2. Nf3 Nc6 3. Nc3 e5 4. Bc4 g6 5. d3 h6 $1 6. h4 {B30: Sicilian: 2...Nc6 3 Bb5, lines without ...g6} (6. O-O Bg7 7. Ne1 Nge7 8. f4 d6 9. f5 gxf5 10. Qh5 Rf8 11. exf5 d5 12. Bb3 Bf6 13. Qxh6 Nxf5 14. Rxf5 Bxf5 15. Nxd5 {1-0 (62) Andreikin,D (2725)-Bacrot,E (2684) chess.com INT 2019}) 6... d6 7. h5 g5 8. Nh2 {White has an edge.} Bg7 9. Ng4 Nge7 10. Ne3 O-O $146 ({Predecessor:} 10... f5 11. Bd2 f4 12. Ned5 Nxd5 13. Nxd5 {1-0 (37) Perestjuk,M (2025)-Goebel,C (2245) Oberhof 2013}) 11. Bd2 Kh8 12. g4 Rb8 13. a4 Nd4 14. Ncd5 Nxd5 15. Nxd5 ({Not} 15. exd5 f5 $17) 15... Ne6 16. f3 Nf4 17. Qb1 Be6 18. Qa2 Qd7 19. Rg1 b6 20. Bc3 Bxd5 21. Bxd5 a6 22. Bd2 Qe7 23. Rf1 b5 24. axb5 axb5 25. Kf2 c4 26. Bxf4 exf4 27. Rad1 f5 28. gxf5 $2 {[%mdl 8192] [#]} (28. exf5 $11 {and White is okay.} Bd4+ 29. Kg2 Qe2+ {[%mdl 64] Double Attack} 30. Kh3) 28... g4 $1 $19 {[%mdl 512]} 29. d4 $2 (29. dxc4 Qh4+ 30. Ke2 Qh2+ 31. Kd3) (29. fxg4 Qh4+) 29... Qh4+ {Black is clearly winning.} 30. Ke2 Qh2+ 31. Rf2 gxf3+ {Accuracy: White = 49%, Black = 72%.} 0-1

[Event "GCT Zagreb 2019"]
[Site "Zagreb"]
[Date "2019.07.03"]
[Round "7.2"]
[White "Karjakin, Sergey"]
[Black "So, Wesley"]
[Result "1/2-1/2"]
[WhiteElo "2748"]
[BlackElo "2754"]
[Annotator "TA"]
[PlyCount "60"]
[EventDate "2019.06.26"]
[EventType "tourn"]
[EventCountry "CRO"]
[SourceTitle "playchess.com"]
[Source "ChessBase"]
[SourceQuality "1"]

{[%evp 9,60,17,15,0,0,0,0,2,-6,0,4,10,9,0,25,10,4,10,10,14,6,13,9,16,42,36,39,14,21,6,18,14,236,16,19,18,26,4,16,0,0,0,0,0,0,0,-8,-5,0,0,0,-19,0]} 1. e4 e5 2. Nf3 Nc6 3. Bb5 Nf6 4. O-O Nxe4 5. Re1 Nd6 6. a4 {C67: Ruy Lopez: Berlin Defence: 4 0-0 Nxe4} (6. Nxe5 Be7 7. Bf1 Nxe5 8. Rxe5 O-O 9. d4 Bf6 10. Re2 Nc4 11. b3 Nb6 12. a4 a5 13. Nc3 d6 14. Ne4 Be7 15. Qe1 Nd5 16. Nc3 Nxc3 17. Rxe7 Nd5 18. Re2 Bg4 19. f3 Bf5 20. Qd2 Re8 21. Bb2 Rxe2 22. Qxe2 Qe8 23. Re1 {½-½ (23) Nepomniachtchi,I (2773)-Grischuk,A (2772) Moscow 2019}) 6... Be7 7. Nc3 a6 8. Bf1 $146 {[#]} ({Predecessor:} 8. Bxc6 dxc6 9. Nxe5 O-O 10. d3 Bf6 11. Bf4 Re8 12. h3 Bf5 13. b3 Re6 {1-0 (68) Ni,S (2427)-Olsarova,K (2303) Aracaju 2018}) 8... e4 $1 {[%mdl 512]} 9. Nxe4 Nxe4 10. Rxe4 d5 11. Re1 d4 12. Bd3 O-O 13. Be4 Be6 14. d3 Bd5 15. Bf4 Bxe4 16. Rxe4 f5 17. Re2 g5 18. Bd2 g4 19. Ne5 Nxe5 20. Rxe5 Bd6 $2 {[#]} (20... Qd7 $1 $11 {and Black stays safe.}) 21. Re2 $2 (21. Rxf5 $1 $18 {[%mdl 512]} Bxh2+ (21... Rxf5 22. Qxg4+) 22. Kh1 Rxf5 23. Qxg4+ {[%mdl 64] Double Attack} Kh8 24. Qxf5) 21... Qf6 22. c3 Rae8 23. g3 dxc3 {The position is equal.} 24. Bxc3 Qf7 25. Rxe8 Rxe8 26. Qd2 Qe6 27. Qg5+ Qg6 28. Qd2 Qe6 29. Qg5+ Qg6 30. Qd2 Qe6 {Accuracy: White = 59%, Black = 50%.} 1/2-1/2

[Event "GCT Zagreb 2019"]
[Site "Zagreb"]
[Date "2019.07.03"]
[Round "7.3"]
[White "Caruana, Fabiano"]
[Black "Giri, Anish"]
[Result "1/2-1/2"]
[WhiteElo "2819"]
[BlackElo "2779"]
[Annotator "TA"]
[PlyCount "107"]
[EventDate "2019.06.26"]
[EventType "tourn"]
[EventCountry "CRO"]
[SourceTitle "playchess.com"]
[Source "ChessBase"]
[SourceQuality "1"]

{[%evp 15,107,11,11,15,9,13,23,14,4,16,9,0,3,5,0,-23,-13,-6,-7,-6,-2,-14,-14,-6,-2,-11,0,-10,0,0,0,0,0,0,0,0,0,0,0,0,0,0,0,-5,-5,-2,-14,-11,-4,-4,-2,-2,0,0,0,0,0,0,0,0,0,0,0,0,0,0,0,0,0,0,0,0,0,0,0,0,0,0,0,0,0,0,0,0,0,0,0,0,0,0,0,0,0,0]} 1. c4 c6 2. d4 d5 3. Nf3 Nf6 4. g3 g6 5. Bg2 Bg7 6. O-O O-O 7. Nbd2 a5 8. b3 Bf5 9. e3 {D78: Fianchetto Grünfeld: 6 0-0 c6} a4 10. Ba3 Nbd7 11. cxd5 $146 {White has an edge.} ({Predecessor:} 11. Qe2 Re8 12. cxd5 cxd5 13. Rfc1 Qb6 14. Bf1 e5 15. Qb5 Ne4 16. Qxb6 Nxb6 17. Nxe4 Bxe4 18. Nxe5 Rxe5 19. dxe5 Bxe5 20. bxa4 Rxa4 {½-½ (49) Topalov,V (2760)-Caruana,F (2823) Saint Louis 2016}) 11... Nxd5 12. Qc1 {[#] e4 is the strong threat.} Nc7 13. Nc4 Nb5 14. Bb2 Be4 15. b4 Nb6 16. Nxb6 {The position is equal.} Qxb6 17. a3 Qd8 18. Nd2 Bxg2 19. Kxg2 Qd5+ 20. Kg1 Nd6 21. Qc2 e5 22. e4 Qe6 23. dxe5 $1 Bxe5 24. Bxe5 Qxe5 25. Rae1 Nb5 26. Nf3 Qc3 27. Qxc3 Nxc3 28. Re3 Nb5 29. Ne5 Rfd8 30. Nc4 Rd4 31. Rc1 Nd6 32. Nxd6 Rxd6 $11 {[%mdl 4096] Endgame KRR-KRR} 33. Rc5 Rad8 34. b5 cxb5 35. Rxb5 Rd3 36. Rxd3 Rxd3 37. Rxb7 Rxa3 {KR-KR} 38. Ra7 g5 39. Kg2 Kg7 40. e5 Kg6 41. Ra6+ Kg7 42. h4 gxh4 43. gxh4 h5 44. f4 f5 45. exf6+ Kf7 46. Ra5 Kxf6 47. Rxh5 Rb3 48. Ra5 a3 49. h5 Kg7 50. Ra6 Kh7 51. Kf2 Rh3 52. Kg2 (52. h6 $5) 52... Rb3 53. Kf2 Rh3 54. Kg2 {Accuracy: White = 81%, Black = 84%.} 1/2-1/2